000 01039nam a22002411i 4500
003 SA-RiAUC
005 20241106081239.0
008 241105q19001999le g 00010 ara c
040 _aSA-RiCSC
_bara
_cSA-RiAUC
_erda
082 0 4 _a237.3
_qSA-RiAUC
090 _a237.3
_bا ب ن ق
100 1 _aابن قيم الجوزية، محمد بن أبي بكر بن أيوب،
_d691-751 هجري
_eمؤلف.
245 1 0 _aجلاء الأفهام في الصلاة والسلام على خير الأنام /
_cمحمد بن أبي بكر بن قيم الجوزية.
264 1 _aبيروت :
_bدار الكتب العلمية،
_c[بين 1900 و1999]
300 _a280 صفحة ؛
_c24 سم
336 _aنص
_btxt
_2rdacontent
_3كتاب
337 _aبدون وسيط
_bn
_2rdamedia
338 _aمجلد
_bnc
_2rdacarrier
650 7 _aالأدعية والأوراد
_2aucsh
650 7 _aالصلاة على النبي (صلى الله عليه وسلم)
_2aucsh
942 _2ddc
_cBOOK
_n0
949 _aSA-JeALM
_d241105
_umohamedma123
_n1
999 _c2083
_d2083